000 00517nab a2200145Ia 4500
003 ES-SlBCS
005 20210601125452.0
008 140529s1985-86 xxu||||| |||| 00| 0 eng d
041 _aeng
100 1 _aJuarrero Roqué, Alicia
_9156216
245 0 0 _aSelf-Organization: Kant's Concept of Teleology and Modern Chemistry
_c Alicia Juarrero Roqué
600 1 4 _aKant, Immanuel
_d, 1724-1804
_xCrítica e interpretación
_9103752
773 0 _tReview of Methaphysics
_gvol. 39, 1985-86, págs. 107-136
_wRev843
942 _cAR
999 _c530846
_d530846